000 00257nam a22000977a 4500
999 _c11253
_d11253
008 181204b ||||| |||| 00| 0 eng d
020 _a9780751547733
100 _aNadal Rafael
_97001
245 _aRafa My Story
260 _aLittle Brown Book Group
_bLondon
_c2011